000 00539nam a22001937a 4500
003 OSt
008 260502b |||||||| |||| 00| 0 eng d
082 _a635
_bK98S
100 _aKumar, Niranjan.
245 _aStability Analysis in Bitter Gourd (Momordica charantia L.) /
_cby Niranjan Kumar
260 _a.- Sabour, Bhagalpur
_b: Bihar Agricultural College, RAU
_c, 2003
300 _a99p.
502 _bPh. D.
_d2003
650 _aHorticulture
650 _aBitter Gourd
650 _aThesis
650 _aPh. D.
942 _2ddc
_cT
999 _c50361
_d50361